000 00534nam a22001337a 4500
082 _a340
_bFAT
100 _aFatima, Hira & Sawaid Ul Hassan
245 _aFreedom of Expression versus Scandalization of Court:
_bExamining the need to structure judicial discretion in contempt of court cases in Pakistan /
_cHira Fatima & Sawaid Ul Hassan
260 _aIslamabad :
_bNUST Law School,
_c2025.
300 _a41 p. ;
_c30 CM.
563 _aHBK.
856 _uhttp://10.250.8.41:8080/xmlui/handle/123456789/56169
942 _2ddc
_cPR
999 _c615624
_d615624